000 00649nam a2200205 a 4500
005 20250926063858.0
008 991125s1978 es 000 0 spa u
020 _a8425207169
035 _aUPN01000024429
049 _aCG
050 4 _aPN1994
_bB3.38
100 1 _aBalázs, Béla,
_d1884-1949
_933733
245 1 3 _aEl film :
_bevolución y esencia de un arte nuevo /
_cBéla Balázs ; tr. Enric Vázquez.
260 _aBarcelona, Esp. :
_bG. Gili,
_c1978.
300 _a267 p. :
_bil.
440 0 _aComunicación visual.
_pClásicos
650 0 _aCinematografía
_xHistoria
_910591
650 4 _aPelículas cinematográficas
_9188
905 _aLibro
999 _c24429
_d24429